Organophosphorus insecticides : a general introduction

Αποθηκεύτηκε σε:
Λεπτομέρειες βιβλιογραφικής εγγραφής
Συλλογικό Έργο: United Nations Environment Programme, International Labour Organisation, World Health Organization, World Health Organization Task Group on Environmental Health Criteria for Organophosphorus Insecticides
Μορφή: Βιβλίο
Γλώσσα:English
Δημοσίευση: Geneva : World Health Organization, 1986
Σειρά:Environmental health criteria ; ; 63
Θέματα:
Ετικέτες: Προσθήκη ετικέτας
Δεν υπάρχουν, Καταχωρήστε ετικέτα πρώτοι!

MARC

LEADER 00000cam a2200000 i 4500
001 1/104313
008 950530s1986 i eng d
020 |a 92-4-154263-2 
035 |l 10013213 
040 |a GR-MY-UA  |b gre  |e aacr 
041 0 |a eng 
082 0 |a 363.179 
245 1 0 |a Organophosphorus insecticides :  |b a general introduction /  |c Published under the joint sponsorship of the United Nations Environment Programme, the International Labour Organisation, and the World Health Organization 
260 |a Geneva :   |b World Health Organization,   |c 1986 
300 |a 181 p.;  |b ill.;  |c 21 cm 
490 1 |a Environmental health criteria  |v ; 63 
500 |a Proceedings of a WHO Task Group on Environmental Health Criteria for Organophosphorus Insecticides 
504 |a Bibliography: p. 112-140 
650 0 0 |a Insecticides  |x Toxicology. 
650 0 0 |a Insecticides  |x Physiological effect. 
650 0 0 |a Insecticides  |x Environmental aspects. 
650 0 0 |a Organophosphorus compounds  |x Toxicology. 
650 0 0 |a Organophosphorus compounds  |x Physiological effect. 
650 0 0 |a Organophosphorus compounds  |x Environmental aspects. 
710 2 |a United Nations Environment Programme. 
710 2 |a International Labour Organisation. 
710 2 |a World Health Organization. 
710 2 |a World Health Organization  |b Task Group on Environmental Health Criteria for Organophosphorus Insecticides. 
830 0 |a Environmental health criteria ;  |v ; 63 
852 |a INST  |b LESVOS  |e 19950530  |h 363.179 WOR  |p 005100000384  |q 005100000384  |t BK  |y 0 
909 |a Λ  |b 027516